| 000 | 00521nam a2200169Ia 4500 | ||
|---|---|---|---|
| 008 | 090201s9999 xx 000 0 und d | ||
| 010 | _aKPL-12177 | ||
| 040 | _bमराठी | ||
| 041 | _aमराठी | ||
| 082 |
_a25733 _b12177 |
||
| 100 | _aगो ना दातार | ||
| 245 |
_aशालिवाहन - शक _cगो ना दातार |
||
| 260 |
_c2004 _bदातार छापखाना |
||
| 300 |
_a292 _bमोठा |
||
| 600 | _aशालिवाहन - शक | ||
| 942 | _cBOOK | ||
| 999 |
_c224913 _d224913 |
||